Surveying (Record no. 80186)

MARC details
000 -LEADER
fixed length control field 01157cab a22002655a 4500
001 - CONTROL NUMBER
control field L143455
008 - FIXED-LENGTH DATA ELEMENTS--GENERAL INFORMATION
fixed length control field 080512e20080313xxk g 000 0 eng d
035 ## - SYSTEM CONTROL NUMBER
System control number (Sirsi) u143455
041 0# - LANGUAGE CODE
Language code of text/sound track or separate title eng
110 2# - MAIN ENTRY--CORPORATE NAME
Corporate name or jurisdiction name as entry element Royal Institution of Chartered Surveyors
9 (RLIN) 4900
245 00 - TITLE STATEMENT
Title Surveying
Remainder of title a special careers supplement
260 ## - PUBLICATION, DISTRIBUTION, ETC.
Date of publication, distribution, etc. 2008
490 ## - SERIES STATEMENT
Series statement Independent
Volume/sequential designation 13 March 2008
520 ## - SUMMARY, ETC.
Summary, etc. Surveying careers update published as a supplement to The Independent newspaper provides an overview of the wide range of fields available to surveyors. Considers the wide contribution surveyors can make to world development. Looks at the role surveyors play in regeneration schemes. Looks at how surveyors can work with MapAction, an organisation which aims to provide surveyors where they are most needed in the world. Concludes with a number of career profiles.
590 ## - LOCAL NOTE (RLIN)
Local note KA
651 #4 - SUBJECT ADDED ENTRY--GEOGRAPHIC NAME
Geographic name International
690 ## - LOCAL SUBJECT ADDED ENTRY--TOPICAL TERM (OCLC, RLIN)
Topical term or geographic name as entry element CAREERS, EDUCATION AND TRAINING
700 1# - ADDED ENTRY--PERSONAL NAME
Personal name Hilpern, Kate
700 1# - ADDED ENTRY--PERSONAL NAME
Personal name Tuffin, David
700 1# - ADDED ENTRY--PERSONAL NAME
Personal name McCormack, Steve
700 1# - ADDED ENTRY--PERSONAL NAME
Personal name Matthews, Virginia
700 1# - ADDED ENTRY--PERSONAL NAME
Personal name Giacomantonio, Anne
710 ## - ADDED ENTRY--CORPORATE NAME
Corporate name or jurisdiction name as entry element Independent
9 (RLIN) 5544
942 ## - ADDED ENTRY ELEMENTS (KOHA)
Suppress in OPAC 0
Holdings
Withdrawn status Lost status Source of classification or shelving scheme Damaged status Not for loan Home library Current library Shelving location Date acquired Total Checkouts Full call number Barcode Date last seen Copy number Price effective from Koha item type
    Dewey Decimal Classification     London London Journal article 12/05/2008   L143455 143455-1001 06/08/2019 1 06/08/2019 Book